Itinerancias y aprendizajes : conversaciones con Clara E. Lida /

Detalles Bibliográficos
Autor principal: Lida, Clara E., (Clara Eugenia) (Autor)
Otros Autores: Barbosa Cruz, Mario (Editor)
Formato: Electrónico eBook
Lenguaje:español
Publicado: Ciudad de México, México : El Colegio de México, 2023.
Edición:Primera edición electrónica.
Materias:
Acceso en línea:Digitalia Hispánica

MARC

LEADER 00000nam a2200000 i 4500
001 DIGCOLMX0517
003 NyNyDIG
006 m o d
007 cr |||||||||||
008 231209s2023 mx a ob 001 0 spa d
035 |a (OCoLC)1406018423 
040 |a DGITA  |b eng  |e rda  |e pn  |c DGITA 
020 |a 9786075645308  |q electrónica 
020 |z 9786075644479  |q impreso 
050 1 4 |a F1414.L53 ebook 
100 1 |a Lida, Clara E.,  |q (Clara Eugenia),  |e author. 
245 1 0 |a Itinerancias y aprendizajes :  |b conversaciones con Clara E. Lida /  |c Mario Barbosa Cruz. 
250 |a Primera edición electrónica. 
264 1 |a Ciudad de México, México :  |b El Colegio de México,  |c 2023. 
300 |a 1 online resource :  |b illustrations. 
336 |a text  |b txt  |2 rdacontent 
337 |a computer file  |b c  |2 rdamedia 
338 |a online resource  |b cr  |2 rdacarrier 
347 |a text file  |2 rdaft 
347 |b EPUB 
504 |a Includes bibliographical references and Index. 
588 0 |a Online resource; title from ePub title page (Digitalia, viewed December 9, 2023) 
650 0 |a Historians  |v Interviews. 
700 1 |a Barbosa Cruz, Mario,  |e editor. 
776 0 8 |i Print version:  |a Lida, Clara E., (Clara Eugenia).  |t Itinerancias y aprendizajes.  |b Primera edición impresa.  |d Ciudad de México, México : El Colegio de México, 2023  |z 9786075644479 
791 2 |a Digitalia (Firm),  |e distributor. 
793 0 |g Digitalia eBook Collection:  |a El Colegio de México 
856 4 0 |3 Digitalia Hispánica  |u https://www.digitaliapublishing.com/a/131886/ 
910 |a Premium collection: 2023